Porovnateľnosť vykazovaných informácií za bežné a minulé účtovné obdobia bakalárska práca

Guardado en:
Detalles Bibliográficos
Autor principal: Holboj, Roman
Autor Corporativo: Fakulta hospodárskej informatiky EU. Katedra účtovníctva a audítorstva
Otros Autores: Parajka, Branislav, 1981-
Formato: Libro
Lenguaje:eslovaco
Publicado: Bratislava 2025
Etiquetas: Agregar Etiqueta
Sin Etiquetas, Sea el primero en etiquetar este registro!

MARC

LEADER 00000nbm a2200000 4500
001 0312289
005 20251204104455.3
041 0 |a slo 
044 |a SK 
245 1 0 |a Porovnateľnosť vykazovaných informácií za bežné a minulé účtovné obdobia  |b bakalárska práca  |c Roman Holboj ; školiteľ: Branislav Parajka 
264 1 |a Bratislava  |c 2025 
300 |a 44 s. 
100 1 |a Holboj, Roman 
700 1 |a Parajka, Branislav, 1981- 
710 2 |a Fakulta hospodárskej informatiky EU. Katedra účtovníctva a audítorstva